El gran siglo de la música española: en el cuarto centenario de la muerte de Cristobal de Morales
Αποθηκεύτηκε σε:
| Κύριος συγγραφέας: | |
|---|---|
| Μορφή: | Βιβλίο |
| Γλώσσα: | Ισπανικά |
| Έκδοση: |
Santiago
Universidad de Chile
1955
|
| Σειρά: | Colección de Ensayos, 9
|
| Θέματα: | |
| Ετικέτες: |
Προσθήκη ετικέτας
Δεν υπάρχουν, Καταχωρήστε ετικέτα πρώτοι!
|
MARC
| LEADER | 00000nam a2200000 a 4500 | ||
|---|---|---|---|
| 001 | UCW2536 | ||
| 003 | CL-VaPUC | ||
| 008 | 920616e19550000CL |||||||||||||||||spa|d | ||
| 082 | 0 | 4 | |a 780.946 |b SAL |2 21 |
| 100 | 0 | |a Salazar, Adolfo |e author |9 306754 | |
| 245 | 1 | 3 | |a El gran siglo de la música española: en el cuarto centenario de la muerte de Cristobal de Morales |
| 300 | |a 32 p | ||
| 942 | |c BK | ||
| 945 | |d 19920616 00:00:00 | ||
| 260 | |a Santiago |b Universidad de Chile |c 1955 | ||
| 650 | 0 | |a Música española |9 306755 | |
| 650 | 0 | |a Historia y crítica |9 257407 | |
| 650 | 0 | |a Música siglo 16 |9 306756 | |
| 583 | |a last modification |c 19920616 00:00:00 |k Rodrigo Vera | ||
| 490 | 0 | |a Colección de Ensayos, 9 | |
| 999 | |c 217075 |d 217073 | ||
| 952 | |0 0 |1 0 |4 0 |6 780_946000000000000_SAL_1955 |7 0 |8 A |9 203572 |a BIBEDU |b BIBEDU |d 2019-11-15 |i 270806K |o 780.946 SAL 1955 |p 270806K |r 2023-01-12 |w 2019-11-15 |y BK |k MUS | ||